PRÍSPEVOK K POZNANIU NIEKTORÝCH JASKÝŇ V CHOČSKOM POHORÍ : (Z činnosti jaskyniarskej skupiny v Dolnom Kubíne)

Bibliographic Details
Main Author: Brodňanský, Ján (Author)
Format: Article
Language:Slovak

MARC

LEADER 00000nab a2200000uu 4500
001 vtls011145763
003 SK-MaSNL
005 20260303145811.0
008 230222| xo |||||||||||||||||slo|
015 |a SNBRB 
035 |a (urnnbn)urn:nbn:sk:snk:ar-008jxk 
035 |a (uuid)7b841771-3aae-4a80-ac8e-398a4a1e6d9e 
035 |a urn:nbn:sk:snk-abawhg 
040 |a SNKBUCL  |b slo  |c SNKBUCL  |e AACR2 
041 0 |a slo 
044 |a xo  |c SK 
100 1 |a Brodňanský, Ján  |4 aut  |9 496757 
245 1 0 |a PRÍSPEVOK K POZNANIU NIEKTORÝCH JASKÝŇ V CHOČSKOM POHORÍ :  |b (Z činnosti jaskyniarskej skupiny v Dolnom Kubíne)  |c Ján Brodňanský 
773 0 |t Slovenský kras : sborník Múzea slovenského krasu v Lipt. Mikuláši  |g Roč. 3, č. 1 (1959-1960), s. 146-150 
954 |a odborná, vedecká literatúra pôvodná (slovenská)  |2 lita 
958 |a OND 
958 |a EUIPO 
958 |a article14 
999 |c 2005342  |d 2007272